Word Ladder #10 – Musical Instrument Families - Statistics

General Stats
  • This quiz has been taken 714 times
  • The average score is 14 of 25
Answer Stats
Hint Answer % Correct
Till the fat lady _____. Sings
95%
Family #1. Includes cellos. Strings
94%
One ___, zero losses. Win
78%
White House East ____. Wing
77%
In ____ of emergency. Case
74%
Family #3. Includes French horns. Brass
70%
Fish: striped ____. Bass
67%
Family #4. Includes xylophones. Percussion
66%
Heavy Olympic frisbee. Discus
61%
Killer whales. Orcas
59%
Mama ____ Elliot. Cass
58%
“Blazing Saddles” director Mel. Brooks
55%
Seamstress’ needle storage: pin _______. Cushion
55%
Conference: round-table __________. Discussion
55%
Family #2. Includes English horns. Woodwinds
55%
Group comprising the above 4 families. Orchestra
54%
Syrian capital. Damascus
50%
Tomes. Books
46%
Small nails. Or multiple Pitts. Brads
43%
Department store: Neiman ______. Marcus
40%
Sits on eggs. Or mulls depressively. Broods
38%
They keep tomes from tipping. Bookends
32%
Astronomer Hubble. Edwin
24%
U.S. Army anthem: “_______ Song.” Caisson
18%
Historian Doris Kearns _______. Goodwin
16%
No matching quizzes found
Score Distribution
Percent of People with Each Score
Percentile by Number Answered
Your Score History
You have not taken this quiz